000 00577nam a2200193 a 4500
005 20140310183545.0
008 111111s19uu xx 00 eng d
020 _a9780321516114
050 _aQP 31.2
_b.M938 2008
100 _aMoyes, Christopher D.
245 _aPrinciples of animal physiology /
_cChristopher D. Moyes, Patricia M. Schulte.
250 _a2nd ed.
260 _aCalifornia :
_bPearson Education,
_c2008.
300 _a754 p. :
_bill.col. ;
_c30 cm.
650 _aPhysiology
700 _aSchulte, Patricia M.
942 _cBK
_2lcc
_kFOR
999 _c24865
_d24865